How to become unpopular/Random Stories and Dilemma of an old man/ (Record no. 195564)

MARC details
000 -LEADER
fixed length control field 00459nam a22001697a 4500
005 - DATE AND TIME OF LATEST TRANSACTION
control field 20230403172545.0
010 ## - LCCN (DPL NO)
LC control number ENG-136606
020 ## - INTERNATIONAL STANDARD BOOK NUMBER
International Standard Book Number 9781311313850
Terms of availability 400.00
035 ## - SYSTEM CONTROL NUMBER
System control number EN-120138
037 ## - SOURCE OF ACQUISITION
Source of stock number/acquisition DBAD/PUB
082 ## - DEWEY DECIMAL CLASSIFICATION NUMBER
Classification number S
100 ## - MAIN ENTRY--PERSONAL NAME
Personal name Borah,Hiranya
245 ## - TITLE STATEMENT
Title How to become unpopular/Random Stories and Dilemma of an old man/
Statement of responsibility, etc by Hiranya Borah
260 ## - PUBLICATION, DISTRIBUTION, ETC. (IMPRINT)
Name of publisher, distributor, etc HBMB Publication
Date of publication, distribution, etc 2018
300 ## - PHYSICAL DESCRIPTION
Extent 287p.;
Dimensions 19cm(pbk)
942 ## - ADDED ENTRY ELEMENTS (KOHA)
Source of classification or shelving scheme Dewey Decimal Classification
Item type English Books
Call number suffix BOR
Classification part S
Holdings
Withdrawn status Lost status Not for loan Home library Current library Date acquired Source of acquisition Cost, normal purchase price Full call number Barcode Copy number Cost, replacement price Koha item type
      Patel Nagar Patel Nagar 03/04/2023 DBAD/PUB 400.00 S BOR EN-120138 1 400.00 English Books

© Delhi Public Library
Hit Counter
free hit counter